Sports Quiz

Random Sports or Baseball Quiz

2018 Boston Red Sox Quiz Stats

 Plays Quiz not verified by Sporcle

Score 0/44 Timer 10:00
0 Plays Today
Position Name % Correct
OFMookie Betts
98.4%
OFJackie Bradley
96.9%
PChris Sale
96.9%
SSXander Bogaerts
95.3%
PDavid Price
94.5%
OFAndrew Benintendi
93.8%
CSandy Leon
93.8%
3BRafael Devers
93%
1BMitch Moreland
93%
2B-3BEduardo Nunez
92.2%
DH-OFJ.D. Martinez
91.4%
CChristian Vazquez
89.8%
IF-OFBrock Holt
89.1%
PRick Porcello
89.1%
2BDustin Pedroia
88.3%
PCraig Kimbrel
88.3%
C-OFBlake Swihart
87.5%
PEduardo Rodriguez
85.2%
2BIan Kinsler
82.8%
1B-DHSteve Pearce
81.3%
SSTzu-Wei Lin
74.2%
PNathan Eovaldi
74.2%
Position Name % Correct
PJoe Kelly
70.3%
PMatt Barnes
69.5%
PSteven Wright
65.6%
PHeath Hembree
62.5%
1B-DHHanley Ramirez
57%
PBrandon Workman
57%
PRyan Brasier
53.9%
PBrian Johnson
53.9%
PDrew Pomeranz
50.8%
OFSam Travis
48.4%
PHector Velazquez
46.9%
2B-3BBrandon Phillips
46.1%
PTyler Thornburg
46.1%
PCarson Smith
43%
PBobby Poyner
39.1%
CDan Butler
34.4%
PJalen Beeks
28.9%
IFTony Renda
27.3%
PWilliam Cuevas
26.6%
PRobby Scott
25.8%
PMarcus Walden
25%
PJustin Haley
15.6%

You're not logged in!

Compare scores with friends on all Sporcle quizzes.
OR
Log In

Show Comments

Extras

Top Quizzes Today


Score Distribution

Your Account Isn't Verified!

In order to create a playlist on Sporcle, you need to verify the email address you used during registration. Go to your Sporcle Settings to finish the process.

Report this User

Report this user for behavior that violates our Community Guidelines.

Details: